LEADER 01387nam a2200289 i 4500 001 000000366075 003 CaOOAMICUS 005 20260119172910.0 008 260119s1989 it u000 u ita u 040 $aSeMil$bita 110 2 $aChiesa Cattolica.$0(OLS)http://semarc/name/987 240 10$aLiturgia horarum.$0(OLS)http://semarc/title/457760 245 10$aLiturgia delle ore secondo il rito romano. 264 1$a[Cittą del Vaticano] :$bLibreria Editrice Vaticana,$crist. 1996. 300 $a4 v. ;$c18 cm. 500 $aIn testa al front.: Ufficio divino rinnovato a norma dei decreti del Concilio Ecumenico Vaticano 2. e promulgato da Paolo 6. 650 4$aLibri liturgici - Liturgia delle Ore - Rito romano.$0(OLS)http://semarc/subject/59247 710 2 $aConferenza Episcopale Italiana.$0(OLS)http://semarc/name/95789 774 0 $t1: Tempo di Avvento; Tempo di Natale.$w()366076 774 0 $t2: Tempo di Quaresima; Triduo pasquale; Tempo di Pasqua.$w()366077 774 0 $t3: Tempo ordinario, settimane 1.-17.$w()366078 774 0 $t4: Tempo ordinario, settimane 18.-34.$w()366079 910 2 $aSanta Sede. 996 $6245$aLiturgia delle ore secondo il rito romano$9(OLS)http://semarc/title/32409 996 $6264$a[Cittą del Vaticano] :$bLibreria Editrice Vaticana$9(OLS)http://semarc/publisher/33859 LEADER 00967nam a2200265 i 4500 001 000000116717 003 CaOOAMICUS 005 20030627000000.0 008 030627s1995 it u000 u ita u 013 $a89406 020 $a88-384-2342-3 040 $aSeMil$bita 100 1 $aCrovi, Raffaele,$d<1934-2007>.$0(OLS)http://semarc/name/17380 245 10$aParabola /$cRaffaele Crovi. 260 $aCasale Monferrato (AL) :$bPiemme,$c1995. 300 $a299 p. ;$c22 cm. 500 $aFondo Card. C.M. Martini. 650 4$aBibbia - Meditazioni.$0(OLS)http://semarc/subject/2560 850 $aSeMil 852 $aSeMil$W1$xVenegono$y1$m3F VI 77$j72132$B72132$CSeMilBibl$Z2$F83816 $81 941 1 $a4 961 $aOmaggio: Martini Card. Carlo Maria 996 $6020$a88-384-2342-3$9(OLS)http://semarc/number/72182 996 $6245$aParabola$9(OLS)http://semarc/title/171178 996 $6260$aCasale Monferrato (AL) :$bPiemme$9(OLS)http://semarc/publisher/30052